000
00289nam a2200121 a 4500
008
100917s1982|||| d
100
1
_a
Dickens, Charles
245
1
0
_a
Kronika Pickwickovho klubu 2
260
_a
Bratislava
_b
Tatran
_c
1982
044
_a
xo
_c
SK
041
_a
slo
020
_c
75
999
_c
10421
_d
10421